5HLuxD.jpg

KING HENRY VIII SENIOR AND PRIMARY SCHOOL LIBRARY OPAC

Sebab mulut badan binasa = The cost of backbiting / (Record no. 3800)

000 -LEADER
fixed length control field 00686nam a22002297a 4500
003 - CONTROL NUMBER IDENTIFIER
control field OSt
005 - DATE AND TIME OF LATEST TRANSACTION
control field 20241029095259.0
008 - FIXED-LENGTH DATA ELEMENTS--GENERAL INFORMATION
fixed length control field 241029b ||||| |||| 00| 0 eng d
020 ## - INTERNATIONAL STANDARD BOOK NUMBER
International Standard Book Number 9789670616391
040 ## - CATALOGING SOURCE
Transcribing agency KH8
082 ## - DEWEY DECIMAL CLASSIFICATION NUMBER
Classification number 390 RIF
100 ## - MAIN ENTRY--PERSONAL NAME
Personal name Rifqi Malek,
Relator term author.
245 ## - TITLE STATEMENT
Title Sebab mulut badan binasa = The cost of backbiting /
Statement of responsibility, etc. Rifqi Malek.
260 ## - PUBLICATION, DISTRIBUTION, ETC.
Place of publication, distribution, etc. Selangor ;
Name of publisher, distributor, etc. Penerbitan Afdal,
Date of publication, distribution, etc. 2017.
300 ## - PHYSICAL DESCRIPTION
Extent 32 pages :
Other physical details color illustration ;
Dimensions 26 cm.
440 ## - SERIES STATEMENT/ADDED ENTRY--TITLE
Title Siri praktik etika murni
650 ## - SUBJECT ADDED ENTRY--TOPICAL TERM
Topical term or geographic name entry element Children's stories
Form subdivision Malay
650 ## - SUBJECT ADDED ENTRY--TOPICAL TERM
Topical term or geographic name entry element Children's stories
Form subdivision English
650 ## - SUBJECT ADDED ENTRY--TOPICAL TERM
Topical term or geographic name entry element Animals
Form subdivision Fiction
650 ## - SUBJECT ADDED ENTRY--TOPICAL TERM
Topical term or geographic name entry element Customs, etiquette & folklore.
942 ## - ADDED ENTRY ELEMENTS (KOHA)
Source of classification or shelving scheme
Koha item type Teaching Resources
Holdings
Withdrawn status Lost status Source of classification or shelving scheme Damaged status Not for loan Collection code Permanent Location Current Location Shelving location Date acquired Full call number Barcode Date last seen Price effective from Koha item type
          Teaching Resources KH8 Senior School Library KH8 Senior School Library Staff Office 2024-10-29 390 RIF TRKHSL006000 2024-10-29 2024-10-29 Teaching Resources

Powered By KH8 IT Dept